Panstwo. Naród. Kosciól. Biskup Juliusz Bursche a spory o protestantyzm w Polsce w latach 1917-1939
| Titel: | Panstwo. Naród. Kosciól. Biskup Juliusz Bursche a spory o protestantyzm w Polsce w latach 1917-1939 / T. Stegner |
|---|---|
| Verfasser: | |
| In: |
Przegla̜d historyczny, Heft 2 (1999), Seite 229-231 alle Artikel anzeigen |
| Veröffentlicht: | 1999 |
| Format: | Aufsatz |
| Sprache: | Polnisch |
X
alg: 43700112 001A $06052:24-09-18 001B $01999:27-07-21 $t17:20:52.000 001C $03025:24-09-18 $t13:19:16.000 001D $06052:24-09-18 001U $0utf8 001X $00 002@ $0Aox 003@ $0437001121 006N $002286742 007A $0437001121 $aHEB 007D $asw990915 010@ $apol 011@ $a1999 013D $#Newspapers Sections, columns, etc. Reviews $#Book reviewing $#Journaux Cahiers, chroniques, etc. Comptes rendus $#Livres Recension $#Rezension $#Buchbesprechung $#Buchrezension $#Buchkritik $74049712-4 $8Rezension [Ts1] $9085138568 021A $a@Panstwo. Naród. Kosciól. Biskup Juliusz Bursche a spory o protestantyzm w Polsce w latach 1917-1939 $hT. Stegner 028A $aStegner $dT. 031A $e2 $g3 $h229-231 $j1999 039B $aIn $8--Abvc--. Przegla̜d historyczny. - Warszawa : Wydawnictwo DiG, 1905-. - ISSN 0033-2186 $x199900000000002771 $9047456078 039T $8--Aax--Krebs, Bernd [Tnd]. Państwo, naród, kościół. - Bielsko-Biała : "Augustana", 1998. - 303 Seiten, 7 ungezählte Seiten Bildtafeln. - Illustrationen. - ISBN 83-85970-51-7 $943699075X 045F $a900.9438 $eDDC23BSB 045F/01 $a900 045F/03 $g438 045T $a7,41 lok: 43700112 78 exp: 43700112 78 1 #EPN 201B/01 $024-09-18 $t22:38:42.000 201C/01 $024-09-18 201U/01 $0utf8 203@/01 $01030067538 208@/01 $a24-09-18 $be 209A/01 $a/ $f000 $x00 209A/01 $ab*p $x01 220C/01 $apgar 244Z/01 $#Generalgouvernement Polen $#Polska $#Rzeczpospolita Polska $#Polska Rzeczpospolita Ludowa $#Poland $#Pologne $#République Polonaise $#Generalne Gubernatorstwo w Polsce $#Polish People's Republic $#Polska Rzeczpospolita Polen $#PRL $#RP $#Polen Generalgouvernement $#Polska Generalgouvernement $#Besetzte Polnische Gebiete $#Besetztes Gebiet in Polen $#Okupowane Polskie Obszary $#Obszary Okupowane w Polsce $#Volksrepublik Polen $#Polska Rosyjska $#Republic Polen $#Respublika Pol'ša $#Pol'skaja Narodnaja Respublika $#République de Pologne $#Polen Links der Weichsel $#Polska po Lewej Stronie Wisły $#Lenkija $#Polija $#Gubernija Carstva Pol'skago $#Republik Polen $74046496-9 $8--Tg1--Polen $x01 $9085129801 247C/01 $82080>Marburg/Lahn, Herder-Institut, Forschungsbibliothek, Bibliographieportal $9336309341
| LEADER | 00000caa a22000002c 4500 | ||
|---|---|---|---|
| 001 | 437001121 | ||
| 003 | DE-603 | ||
| 005 | 20210727172052.0 | ||
| 007 | tu | ||
| 008 | 180924s1999 xx |||| | u00||u|pol c | ||
| 035 | |a (DE-599)HEB437001121 | ||
| 035 | |a (NL-LiSWE)02286742 | ||
| 040 | |a DE-603 |b ger |c DE-603 |d DE-603 | ||
| 041 | |a pol | ||
| 082 | 0 | 4 | |8 1\u |a 900.9438 |q DE-101 |2 23/BSB |
| 084 | |a 7,41 |2 ssgn | ||
| 085 | |8 1\u |b 900 | ||
| 085 | |8 1\u |z 2 |s 438 | ||
| 100 | 1 | |a Stegner, T. | |
| 245 | 0 | 0 | |a Panstwo. Naród. Kosciól. Biskup Juliusz Bursche a spory o protestantyzm w Polsce w latach 1917-1939 |c T. Stegner |
| 264 | 0 | |c 1999 | |
| 655 | 7 | |a Rezension |2 gnd-content |0 (DE-588)4049712-4 |0 (DE-603)085138568 | |
| 773 | 0 | 8 | |i In |t Przegla̜d historyczny |d Warszawa : Wydawnictwo DiG, 1905- |x 0033-2186 |g Heft 2 (1999), Seite 229-231 |w (DE-603)047456078 |w (DE-600)281539-4 |
| 787 | 0 | 8 | |i Rezension von |a Krebs, Bernd |t Państwo, naród, kościół |d Bielsko-Biała : "Augustana", 1998 |h 303 Seiten, 7 ungezählte Seiten Bildtafeln, Illustrationen |z 8385970517 |z 9788385970514 |w (DE-603)43699075X |
| 924 | 0 | |9 2080 |a (DE-603)1030067538 |b DE-2080 |c HES |d d |g / | |


